| 000 | 00958nam a2200265#a 4500 | ||
|---|---|---|---|
| 001 | 01255 | ||
| 003 | HDC | ||
| 007 | ta | ||
| 008 | 230623s2010 xx 000 0 eng d | ||
| 040 | _aHDC | ||
| 050 |
_aHD 58 _b.B45 2010 |
||
| 110 | _aBela Enterprise | ||
| 245 | 0 |
_aCurrent issues of halal policy and cluster integration of selected halal industry parks in Malaysia / _cprepared by Research & Consulting Division, Bela Enterprise (Malaysia); finalized & vetted by: Irfan Sungkar |
|
| 264 |
_aKuala Lumpur : _bBela Enterprise, _c2010. |
||
| 300 |
_a67p. ; _b ill. ; _c 28cm |
||
| 650 |
_aBusiness relocation _vHandbooks, manuals, etc. |
||
| 650 |
_aIndustrial location _vHandbooks, manuals, etc. |
||
| 650 |
_aIndustrial sites _vHandbooks, manuals, etc. |
||
| 650 |
_aInternational business enterprises _xLocation _vHandbooks, manuals, etc. |
||
| 700 | _aIrfan Sungkar | ||
| 942 | _2lcc | ||
| 942 | _cBK | ||
| 942 | _kHD 58 | ||
| 942 | _m.B45 2010 | ||
| 999 |
_c22821 _d22821 |
||